000 00475nam a22001697a 4500
003 NUST - PNEC
005 20170116180931.0
008 150906b xxu||||| |||| 00| 0 eng d
020 _a0471280607
040 _cLIBRARY
082 _a621.31 MAS
100 _98301
_aMasters, Gilbert M.
245 _aRenewable and efficient electric power systems
_cGilbert M. Masters
260 _cc.2004
650 _98302
_aElectric power systems--Electric losses
_xEE
942 _2ddc
_cBK
999 _c65932
_d65932